000 00931nmm a2200349 a 4500
003 AR-BaBNM
005 20251128204017.0
008 148019s1990 ||||||||||||||000 | spa||
020 _a92-1-300123-1
040 _cAR-BaBNM
110 2 _aNaciones Unidas
_9ONU
245 1 0 _aA B C de las Naciones Unidas
260 _aNew York
_bNaciones Unidas
_c1990
300 1 _aviii, 263 p.
500 0 _aApéndice p. 240-254
500 0 _aIndice analítico p. 255-263
610 2 4 _aNaciones Unidas
650 4 _aORGANIZACIONES INTERNACIONALES
650 4 _aPAZ
650 4 _aPROTECCION DE LA FLORA Y LA FAUNA SILVESTRES
650 4 _aFORMACION PROFESIONAL
651 4 _aAmérica Central
651 4 _aAfganistán
651 4 _aChipre
651 4 _aCongo
651 4 _aCorea
651 4 _aIrán
653 0 _aECONOMIA POLITICA
700 1 _aPérez de Cuellar, Javier
_eprologuista
942 _cBK
998 _cCarmen
999 _c5802
_d5802